000 00261nam a2200121Ia 4500
100 _a#N/A
650 _aElctronics
942 _cBK
654 _aElectromagnetics
245 _aFundamentals of electromagnetics with MATLAB
260 _b#N/A
546 _aENGLISH
999 _c19350
_d19350